[Event "Titled Tue 3rd Jan Late"]
[Site "chess.com INT"]
[Date "2025.06.03"]
[Round "4"]
[White "Mizzi, Jack"]
[Black "Bullen, Alex"]
[Result "1-0"]
[WhiteTitle "CM"]
[BlackTitle "CM"]
[WhiteElo "2086"]
[BlackElo "2160"]
[WhiteFideId "5602521"]
[BlackFideId "1801627"]
[EventDate "2025.06.03"]

1. d4 g6 2. Nf3 Bg7 3. g3 Nf6 4. Bg2 c6 5. O-O O-O 6. c4 a5 7. Nc3 Na6 8. e4 d6
9. Bf4 Nh5 10. Bg5 h6 11. Be3 c5 12. Qd2 Kh7 13. Rad1 cxd4 14. Bxd4 Be6 15. Bxg7
Nxg7 16. Nd5 Bxd5 17. exd5 Nc5 18. Rfe1 Qc7 19. Nd4 Rad8 20. Nb5 Qb6 21. Rxe7
Nf5 22. Re2 Rfe8 23. Rde1 Rxe2 24. Rxe2 Nd7 25. g4 Nh4 26. Re7 Ne5 27. Qf4 g5
28. Rxf7+ Nxf7 29. Qxf7+ Kh8 30. Qf6+ Kg8 31. Qxh6 Kf7 32. Qxg5 Ng6 33. Be4 Rg8
34. Qf5+ Ke7 35. Qe6+ Kf8 36. Bxg6 Qd8 37. Qf7# 1-0

[Event "Titled Tue 3rd Jan Late"]
[Site "chess.com INT"]
[Date "2025.06.03"]
[Round "4"]
[White "Melendez Manuel A."]
[Black "Zhukovskyi, Oleksandr"]
[Result "0-1"]
[WhiteTitle "FM"]
[BlackTitle "CM"]
[WhiteElo "2154"]
[BlackElo "2153"]
[WhiteFideId "6706800"]
[BlackFideId "14169371"]
[EventDate "2025.06.03"]

1. e4 Nf6 2. e5 Nd5 3. c4 Nb6 4. d4 d6 5. exd6 exd6 6. Nc3 Be7 7. Bd3 O-O 8.
Nge2 Bg4 9. f3 Bh4+ 10. Kf1 Bh5 11. Be3 Nc6 12. Bf2 Bxf2 13. Kxf2 Nb4 14. Bb1 d5
15. a3 Nc6 16. cxd5 Nxd5 17. Nxd5 Qxd5 18. Be4 Qd6 19. Rc1 Rad8 20. Bxc6 bxc6
21. Qc2 Rfe8 22. Qxc6 Qe7 23. Rhe1 Qe3+ 24. Kf1 Bg6 25. Nf4 Bd3+ 26. Nxd3 Qxd3+
27. Kg1 Qxd4+ 28. Kh1 Rxe1+ 29. Rxe1 Qe5 30. Qc1 Qd6 31. h3 g6 32. Qc3 Qg3 0-1

[Event "Titled Tue 3rd Jan Late"]
[Site "chess.com INT"]
[Date "2025.06.03"]
[Round "4"]
[White "Akhayan, Ruben"]
[Black "Gimeno Martos, Roberto"]
[Result "1-0"]
[WhiteTitle "FM"]
[BlackTitle "CM"]
[WhiteElo "2265"]
[BlackElo "2090"]
[WhiteFideId "204439"]
[BlackFideId "2226804"]
[EventDate "2025.06.03"]

1. Nf3 f5 2. e4 e6 3. exf5 exf5 4. d4 Nf6 5. d5 d6 6. c4 g6 7. Ng5 Qe7+ 8. Qe2
Qxe2+ 9. Bxe2 Bg7 10. O-O O-O 11. Nc3 h6 12. Ne6 Bxe6 13. dxe6 Re8 14. Nd5 Na6
15. Bf3 c6 16. Nxf6+ Bxf6 17. Bxh6 g5 18. h4 g4 19. Bd1 Rxe6 20. Bg5 Bxg5 21.
hxg5 Rae8 22. Bc2 Re5 23. f4 Re2 24. Bxf5 Rxb2 25. Bxg4 Nc5 26. Bh5 Re4 27. f5
Rxc4 28. f6 Rcc2 29. Bf3 Ne6 30. g6 Nf4 31. Rae1 Nxg6 32. Be4 Ne5 33. Bxc2 Rxc2
34. Rd1 d5 35. Rde1 Ng4 36. Re7 d4 37. f7+ Kf8 38. Re8+ 1-0

[Event "Titled Tue 3rd Jan Late"]
[Site "chess.com INT"]
[Date "2025.06.03"]
[Round "4"]
[White "Ozates, Tuna"]
[Black "Shehzad, Shazil"]
[Result "1-0"]
[WhiteTitle "FM"]
[BlackTitle "FM"]
[WhiteElo "2217"]
[BlackElo "2354"]
[WhiteFideId "6354521"]
[BlackFideId "1521942"]
[EventDate "2025.06.03"]

1. e4 c6 2. d3 d5 3. Nd2 g6 4. Ngf3 Bg7 5. g3 e6 6. Bg2 Ne7 7. O-O a5 8. Re1 a4
9. a3 b5 10. c3 O-O 11. h4 h6 12. Nf1 c5 13. exd5 Nxd5 14. h5 g5 15. d4 Nd7 16.
dxc5 Nxc5 17. Ne3 Bb7 18. Nd4 Nxe3 19. Bxe3 Bxg2 20. Kxg2 Qb6 21. Qc2 Qb7+ 22.
Kg1 Rac8 23. Rad1 Rfd8 24. Qe2 Bxd4 25. Bxd4 Nb3 26. Bf6 Rd5 27. Rxd5 Qxd5 28.
Rd1 Qf5 29. Be5 f6 30. Bd6 Rc4 31. Bb4 Qe4 32. Qf1 f5 33. Rd8+ Kf7 34. Qd1 Rc7
35. Qd6 1-0

[Event "Titled Tue 3rd Jan Late"]
[Site "chess.com INT"]
[Date "2025.06.03"]
[Round "4"]
[White "Ngo, Quang Thai"]
[Black "Ferreira, Vitor Hugo Vieira"]
[Result "1-0"]
[WhiteElo "2341"]
[BlackElo "2128"]
[WhiteFideId "12403768"]
[BlackFideId "2119765"]
[EventDate "2025.06.03"]

1. d4 Nf6 2. Bg5 g6 3. Bxf6 exf6 4. c4 d5 5. cxd5 Qxd5 6. Nc3 Qa5 7. e3 c5 8.
Bc4 Be7 9. h4 h5 10. Ne2 O-O 11. O-O Nc6 12. Nf4 Kg7 13. Ncd5 Bg4 14. Qb3 cxd4
15. Qxb7 Ne5 16. Qxe7 Nxc4 17. Qxf6+ Kh7 18. exd4 Rae8 19. Qg5 Qd8 20. Nf6+ Kg7
21. Nxe8+ Rxe8 22. Qxd8 Rxd8 23. b3 Rxd4 24. bxc4 Rxf4 25. Rac1 Bd7 26. g3 Re4
27. Rfe1 Rg4 28. Red1 Ba4 29. Rd6 Kf8 30. c5 Ke7 31. Ra6 Bb5 32. Rxa7+ Ke6 33.
c6 1-0

[Event "Titled Tue 3rd Jan Late"]
[Site "chess.com INT"]
[Date "2025.06.03"]
[Round "4"]
[White "Lezcano, Gustavo"]
[Black "Kiseleva, Arina"]
[Result "0-1"]
[BlackTitle "WCM"]
[WhiteElo "2007"]
[BlackElo "1994"]
[WhiteFideId "103306"]
[BlackFideId "4164989"]
[EventDate "2025.06.03"]

1. Nf3 Nf6 2. g3 d5 3. Bg2 c6 4. d3 Bf5 5. Nbd2 h6 6. O-O Nbd7 7. e4 dxe4 8. Nd4
Bg4 9. Qe1 exd3 10. cxd3 e5 11. h3 Bh5 12. Nf5 Qc7 13. Ne4 Nxe4 14. dxe4 Bg6 15.
g4 O-O-O 16. Be3 h5 17. b4 hxg4 18. hxg4 Bxf5 19. gxf5 g6 20. fxg6 fxg6 21. Qc3
Bh6 22. Rfc1 Bxe3 0-1

[Event "Titled Tue 3rd Jan Late"]
[Site "chess.com INT"]
[Date "2025.06.03"]
[Round "4"]
[White "Ibarra Jerez, Jose Carlos"]
[Black "Rozman, Levy"]
[Result "1-0"]
[WhiteTitle "GM"]
[BlackTitle "IM"]
[WhiteElo "2545"]
[BlackElo "2324"]
[WhiteFideId "2226332"]
[BlackFideId "2039877"]
[EventDate "2025.06.03"]

1. Nf3 g6 2. e4 Bg7 3. d4 d6 4. Bc4 Nc6 5. Ng5 e6 6. d5 exd5 7. Nxf7 Qe7 8. Bxd5
Nf6 9. Nxh8 Nxd5 10. Qxd5 Be6 11. Nxg6 hxg6 12. Qb5 O-O-O 13. Bg5 Bf6 14. Bxf6
Qxf6 15. Nc3 Nd4 16. Qd3 c5 17. Ne2 Nc6 18. c3 d5 19. O-O g5 20. Rad1 d4 21.
cxd4 cxd4 22. f4 gxf4 23. Nxf4 Bg4 24. Nd5 Qg6 25. Qg3 Rd6 26. Rf6 1-0

[Event "Titled Tue 3rd Jan Late"]
[Site "chess.com INT"]
[Date "2025.06.03"]
[Round "4"]
[White "Kobalia, Mikhail"]
[Black "Jasinski, Alexander"]
[Result "1-0"]
[WhiteTitle "GM"]
[WhiteElo "2538"]
[BlackElo "1964"]
[WhiteFideId "4119150"]
[BlackFideId "55627994"]
[EventDate "2025.06.03"]

1. Nf3 Nf6 2. e3 g6 3. b3 Bg7 4. Bb2 O-O 5. c4 d6 6. Be2 c5 7. O-O Nc6 8. d4
cxd4 9. Nxd4 Bd7 10. Nd2 a6 11. Rc1 Rc8 12. Bf3 Qa5 13. a3 Qc7 14. b4 Ne5 15.
Be2 b6 16. Qb3 h5 17. h3 Nc6 18. Rfd1 e5 19. N4f3 Be6 20. Ng5 Nd8 21. Nxe6 Nxe6
22. Nb1 Qe7 23. Nc3 Rfd8 24. Nd5 Qa7 25. Bf3 Nxd5 26. cxd5 Ng5 27. Be2 b5 28.
Rc6 Rc7 29. Rdc1 Rdc8 30. a4 Qb7 31. axb5 axb5 32. Bxb5 Ne4 33. Qc4 Rxc6 34.
dxc6 Qb6 35. c7 Nd2 36. Qc6 Qa7 37. Qd7 Qb7 38. Qd8+ Kh7 39. Bd7 Rxd8 40. cxd8=Q
Qxb4 41. Bc3 Qa3 42. Bxd2 Qd3 43. Qa5 1-0

[Event "Titled Tue 3rd Jan Late"]
[Site "chess.com INT"]
[Date "2025.06.03"]
[Round "4"]
[White "Deng, Henry"]
[Black "Yilmaz, Baver"]
[Result "0-1"]
[WhiteTitle "FM"]
[BlackTitle "FM"]
[WhiteElo "2327"]
[BlackElo "2233"]
[WhiteFideId "30965454"]
[BlackFideId "26363542"]
[EventDate "2025.06.03"]

1. Nf3 Nf6 2. b3 c5 3. Bb2 d5 4. e3 e6 5. d4 Nc6 6. Bb5 Be7 7. O-O O-O 8. Bxc6
bxc6 9. Nbd2 cxd4 10. exd4 c5 11. c4 cxd4 12. Nxd4 Bb7 13. Re1 Rc8 14. Rc1 Bb4
15. a3 Be7 16. Qe2 a5 17. N4f3 dxc4 18. Nxc4 Bd5 19. Red1 Qc7 20. Ne3 Qb7 21.
Bxf6 Bxf3 22. gxf3 Bxf6 23. Rxc8 Rxc8 24. Rd3 h5 25. Nc4 a4 26. Nd6 Rc1+ 27. Kg2
Qb6 28. bxa4 Qb1 29. Ne4 Rg1+ 30. Kh3 Rg6 31. Rd1 Qb8 32. Nd6 Qb3 33. Rd3 Qxa4
34. Qe4 Qa5 35. Nc4 Qg5 36. Ne3 Kh7 37. f4 Qh4# 0-1

[Event "Titled Tue 3rd Jan Late"]
[Site "chess.com INT"]
[Date "2025.06.03"]
[Round "4"]
[White "Yurtseven, Melih"]
[Black "Khodabandeh, Milad"]
[Result "1-0"]
[WhiteTitle "IM"]
[BlackTitle "CM"]
[WhiteElo "2339"]
[BlackElo "1957"]
[WhiteFideId "6312160"]
[BlackFideId "12538620"]
[EventDate "2025.06.03"]

1. Nf3 d5 2. g3 Nf6 3. Bg2 g6 4. b3 Bg7 5. Bb2 O-O 6. c4 c5 7. cxd5 Nxd5 8. Bxg7
Kxg7 9. Qc1 Qd6 10. O-O Nc6 11. Nc3 b6 12. Nxd5 Qxd5 13. d4 Ba6 14. dxc5 Qxc5
15. Qb2+ f6 16. Rac1 Qd6 17. Rfd1 Qe6 18. Ng5 Qf5 19. Bxc6 Qxg5 20. Bxa8 Rxa8
21. Qa3 Bxe2 22. Qxe7+ Kh6 23. Qxe2 Rf8 24. Qe3 f5 25. Rc7 f4 26. Qe7 Qxe7 27.
Rxe7 f3 28. Re3 b5 29. h4 Kh5 30. Rd5+ Kg4 31. Kh2 h6 32. Re4+ 1-0

[Event "Titled Tue 3rd Jan Late"]
[Site "chess.com INT"]
[Date "2025.06.03"]
[Round "4"]
[White "Cagliumi, Rodrigo Cesar"]
[Black "Tologon tegin, Semetei"]
[Result "0-1"]
[BlackTitle "IM"]
[WhiteElo "2121"]
[BlackElo "2313"]
[WhiteFideId "2109573"]
[BlackFideId "13800574"]
[EventDate "2025.06.03"]

1. d4 f5 2. Nf3 Nf6 3. Bg5 e6 4. Bxf6 Qxf6 5. Nbd2 Be7 6. e4 fxe4 7. Nxe4 Qh6 8.
Bd3 b6 9. O-O Bb7 10. Ne5 Nc6 11. a4 d6 12. Nxc6 Bxc6 13. a5 O-O 14. Qe2 Kh8 15.
axb6 axb6 16. Rxa8 Bxa8 17. c3 Qf4 18. Ng3 e5 19. dxe5 dxe5 20. f3 Bd6 21. Be4
Bc5+ 22. Kh1 Be3 23. Re1 Rd8 24. Bxa8 Rxa8 25. Nf1 Bc5 26. Qxe5 Qxe5 27. Rxe5
Kg8 28. g3 Ra1 29. Kg2 Rb1 30. Re2 Kf7 31. g4 b5 32. h3 b4 33. cxb4 Bxb4 34. Ng3
Be7 35. Nf5 Bf6 36. Rc2 Rxb2 37. Rxb2 Bxb2 38. f4 g6 39. Nd4 Bxd4 0-1

[Event "Titled Tue 3rd Jan Late"]
[Site "chess.com INT"]
[Date "2025.06.03"]
[Round "4"]
[White "Ambartsumian, Tyhran"]
[Black "Silva, Luca"]
[Result "1-0"]
[WhiteTitle "CM"]
[BlackTitle "FM"]
[WhiteElo "2179"]
[BlackElo "2227"]
[WhiteFideId "34161112"]
[BlackFideId "147370"]
[EventDate "2025.06.03"]

1. g3 d5 2. Bg2 Nf6 3. Nf3 e6 4. O-O Be7 5. d3 c5 6. Nbd2 Nc6 7. e4 b5 8. Re1
Bb7 9. e5 Nd7 10. Nf1 Qc7 11. Bf4 h6 12. h4 O-O-O 13. Ne3 Rdg8 14. Nxd5 exd5 15.
e6 Bd6 16. exd7+ Qxd7 17. Ne5 Nxe5 18. Bxe5 Bxe5 19. Rxe5 Re8 20. Rxe8+ Rxe8 21.
a4 b4 22. c3 a5 23. cxb4 cxb4 24. Rc1+ Kb8 25. Rc5 Qd8 26. Rb5 Ka7 27. Qc1 Qd6
28. Rxa5+ Kb8 29. Rb5 Rc8 30. Qd2 Rc5 31. Qxb4 Rc1+ 32. Kh2 Qxb4 33. Rxb4 Kc7
34. Rg4 g6 35. Rf4 f5 36. h5 gxh5 37. Rxf5 Rc2 38. Bxd5 Bxd5 39. Rxd5 Rxf2+ 40.
Kh3 Rxb2 41. Rxh5 Ra2 42. Rxh6 Rxa4 43. Rf6 Kd7 44. Rf3 Ke6 45. g4 Ra1 46. g5
Rg1 47. Kh4 Rh1+ 48. Kg4 Rg1+ 49. Kh5 Rh1+ 50. Kg6 Rg1 51. Kh6 Rh1+ 52. Kg7 Rg1
53. g6 Ke7 54. d4 Rg4 55. d5 Rg5 56. d6+ Kxd6 57. Kf7 Ra5 58. g7 Ra7+ 59. Kg6
Ra8 60. Rf8 1-0

[Event "Titled Tue 3rd Jan Late"]
[Site "chess.com INT"]
[Date "2025.06.03"]
[Round "4"]
[White "Ferraz, Michel Liah"]
[Black "Arkell, Keith C"]
[Result "1-0"]
[BlackTitle "GM"]
[WhiteElo "1998"]
[BlackElo "2342"]
[WhiteFideId "22743219"]
[BlackFideId "400270"]
[EventDate "2025.06.03"]

1. d4 e6 2. c4 Bb4+ 3. Nc3 c5 4. d5 Bxc3+ 5. bxc3 f5 6. g4 Nf6 7. gxf5 Ng4 8.
Bf4 exf5 9. h3 d6 10. hxg4 fxg4 11. Qd3 Qf6 12. Bg3 Bf5 13. e4 Bg6 14. Bg2 Nd7
15. Ne2 Ne5 16. Qc2 h5 17. Qa4+ Kf8 18. Nf4 Be8 19. Qb3 b6 20. O-O-O g5 21. Ne6+
Ke7 22. f4 gxf3 23. Bh3 h4 24. Bf2 g4 25. Be3 Rg8 26. Bf1 Bf7 27. Nf4 g3 28. Bh3
g2 29. Rhg1 Rg3 30. Be6 Bxe6 31. dxe6 f2 32. Nd5+ Kxe6 33. Nxf6 Rxe3 34. Rxg2
Kxf6 35. Rxf2+ Ke6 36. Rg1 Nd3+ 37. Kd2 Nxf2 38. Kxe3 Rf8 39. Qc2 Nh3 40. Rg6+
Kf7 41. Qg2 Nf4 42. Kxf4 Ke7+ 43. Ke3 Rf7 44. Rg7 1-0

[Event "Titled Tue 3rd Jan Late"]
[Site "chess.com INT"]
[Date "2025.06.03"]
[Round "4"]
[White "Fadi, Marko"]
[Black "Loya Ibarra, Rigoberto"]
[Result "1-0"]
[WhiteTitle "FM"]
[WhiteElo "2244"]
[BlackElo "2069"]
[WhiteFideId "10605371"]
[BlackFideId "5110688"]
[EventDate "2025.06.03"]

1. d3 d5 2. Nd2 e5 3. e3 Nf6 4. g3 Bc5 5. Bg2 O-O 6. Ne2 Bg4 7. h3 Bxe2 8. Qxe2
Re8 9. b3 e4 10. dxe4 Nxe4 11. Nxe4 dxe4 12. Bb2 Bb4+ 13. c3 Ba5 14. O-O Nc6 15.
Rad1 Qe7 16. c4 Bb4 17. Rd5 Ba3 18. Ba1 Rad8 19. Rxd8 Rxd8 20. Qg4 g6 21. Bxe4
Ne5 22. Qf4 Bd6 23. c5 Bxc5 24. Qxe5 Qxe5 25. Bxe5 Re8 26. f4 f6 27. Bd5+ Kg7
28. Bd4 Bxd4 29. exd4 Rd8 30. Bxb7 Rxd4 31. Rf2 Rb4 32. Ba6 Rb6 33. Bc4 Rd6 34.
a4 c5 35. Kg2 Rd1 36. Re2 Kh6 37. h4 a5 38. Re7 Rd2+ 39. Kh3 Rd8 40. Rc7 f5 41.
Rxc5 Ra8 42. Bb5 Rb8 43. Bc4 Ra8 44. Rc6 Ra7 45. Ra6 Rg7 46. Rxa5 g5 47. fxg5+
Kh5 48. Ra6 Rxg5 49. hxg5 Kxg5 50. Rb6 1-0

[Event "Titled Tue 3rd Jan Late"]
[Site "chess.com INT"]
[Date "2025.06.03"]
[Round "4"]
[White "Orshonova, Elena"]
[Black "Drygalov, Andrey"]
[Result "0-1"]
[WhiteTitle "WFM"]
[BlackTitle "GM"]
[WhiteElo "1948"]
[BlackElo "2431"]
[WhiteFideId "24174750"]
[BlackFideId "24171735"]
[EventDate "2025.06.03"]

1. e4 c5 2. Nf3 d6 3. d4 cxd4 4. Nxd4 Nf6 5. Nc3 a6 6. Bg5 e6 7. f4 h6 8. Bh4
Nbd7 9. Be2 Qc7 10. Qd2 b5 11. a3 Bb7 12. Bf3 Nb6 13. O-O-O Nc4 14. Qd3 Rc8 15.
e5 dxe5 16. Nxe6 fxe6 17. Qg6+ Qf7 18. Qxf7+ Kxf7 19. Bxb7 Rc7 20. Bxa6 exf4 21.
Nxb5 Rc6 22. Bb7 Rb6 23. b3 Rxb5 24. Ba6 Bxa3+ 25. Kb1 Rhb8 26. Bxb5 Rxb5 27.
Bxf6 gxf6 28. Rd7+ Kg6 29. Rhd1 Ne3 30. R1d2 Bb4 31. Rf2 Bc3 32. Ra7 Rd5 33. Ka2
Rd1 34. Ka3 Ra1# 0-1

[Event "Titled Tue 3rd Jan Late"]
[Site "chess.com INT"]
[Date "2025.06.03"]
[Round "4"]
[White "Torosyan, Volodya"]
[Black "Distaso, Antonio Pio"]
[Result "1-0"]
[WhiteTitle "CM"]
[WhiteElo "2186"]
[BlackElo "2253"]
[WhiteFideId "13319051"]
[BlackFideId "805548"]
[EventDate "2025.06.03"]

1. b3 e5 2. Bb2 Nc6 3. e3 Nf6 4. Bb5 Bd6 5. Na3 Na5 6. Nf3 Qe7 7. Nc4 Nxc4 8.
Bxc4 c6 9. d4 e4 10. Ne5 O-O 11. a4 Bc7 12. Be2 d6 13. Ng4 Nxg4 14. Bxg4 f5 15.
Bh3 f4 16. Bxc8 fxe3 17. Bh3 Qh4 18. O-O exf2+ 19. Kh1 d5 20. Qg4 Qxg4 21. Bxg4
Rf4 22. Be2 Raf8 23. g3 R4f6 24. Kg2 Ba5 25. c3 Bb6 26. Bc1 c5 27. Be3 cxd4 28.
cxd4 Rc6 29. Rac1 Rfc8 30. Kxf2 Bxd4 31. Rxc6 Bxe3+ 32. Kxe3 bxc6 33. Bg4 Rb8
34. Kd4 h5 35. Bxh5 Rxb3 36. Be8 Rb4+ 37. Ke3 Rc4 38. a5 c5 39. Bf7+ Kh7 40.
Bxd5 Ra4 41. Bxe4+ Kh6 42. Rf8 Rxa5 43. h4 g6 44. Rf6 Kh5 45. Rxg6 Ra3+ 46. Kf4
Ra4 47. g4+ Kxh4 48. Rh6# 1-0

[Event "Titled Tue 3rd Jan Late"]
[Site "chess.com INT"]
[Date "2025.06.03"]
[Round "4"]
[White "Vasenev, Sergey"]
[Black "Winkels, Marcel"]
[Result "1-0"]
[WhiteTitle "FM"]
[BlackTitle "CM"]
[WhiteElo "2283"]
[BlackElo "1918"]
[WhiteFideId "4126858"]
[BlackFideId "1003887"]
[EventDate "2025.06.03"]

1. e4 c5 2. Nf3 d6 3. Bb5+ Nc6 4. O-O Bd7 5. c3 a6 6. Bxc6 Bxc6 7. Re1 e6 8. d4
cxd4 9. cxd4 Nf6 10. d5 Bd7 11. dxe6 Bxe6 12. Nc3 Be7 13. Nd4 O-O 14. f3 d5 15.
exd5 Bxd5 16. Nxd5 Nxd5 17. Nf5 Bf6 18. Kh1 Nb4 19. Bf4 Nd3 20. Bd6 Nxe1 21.
Bxf8 Qxf8 22. Qxe1 Re8 23. Qf2 g6 24. Ng3 Qb4 25. Ne4 Qxb2 26. Qxb2 Bxb2 27. Rb1
Rd8 28. g3 Be5 29. Rxb7 Rb8 30. Rxb8+ Bxb8 31. Kg2 Kf8 32. Nc5 Bc7 33. Nxa6 Bb6
34. Nb4 Ke7 35. Nd5+ 1-0

[Event "Titled Tue 3rd Jan Late"]
[Site "chess.com INT"]
[Date "2025.06.03"]
[Round "4"]
[White "Uzuner, Tufan Can"]
[Black "Alazmi, Amani"]
[Result "1-0"]
[WhiteTitle "CM"]
[BlackTitle "WCM"]
[WhiteElo "1886"]
[BlackElo "1725"]
[WhiteFideId "6300499"]
[BlackFideId "10303553"]
[EventDate "2025.06.03"]

1. d4 d5 2. Nf3 e6 3. e3 Nf6 4. Bd3 Be7 5. Nbd2 O-O 6. O-O b6 7. e4 Bb7 8. e5
Nfd7 9. Qe2 Nc6 10. c3 Bc8 11. Ne1 f5 12. exf6 Nxf6 13. Ndf3 Bd6 14. Bg5 h6 15.
Bh4 Qe8 16. Ne5 Bxe5 17. dxe5 Nd7 18. Bg3 Nc5 19. Bc2 Bb7 20. Nd3 Ne4 21. f3
Nxg3 22. hxg3 Ba6 23. Rfe1 Qh5 24. Qe3 Bb7 25. Nf4 Qe8 26. Qd3 Rf5 27. Nxe6 Qxe6
28. Qxf5 Qxf5 29. Bxf5 Re8 30. Bd7 Re7 31. Bxc6 Bxc6 32. f4 Bb7 33. Kf2 c5 34.
Rad1 Kf7 35. f5 Re8 36. g4 a6 37. Kg3 Ba8 38. Kf4 g5+ 39. Kg3 Kg7 40. e6 Kf6 41.
Rh1 Rh8 42. Rde1 Ke7 43. Rhf1 Rf8 44. f6+ Rxf6 45. Rxf6 Kxf6 46. e7 Bc6 47. e8=Q
Bxe8 48. Rxe8 d4 49. cxd4 1-0

[Event "Titled Tue 3rd Jan Late"]
[Site "chess.com INT"]
[Date "2025.06.03"]
[Round "4"]
[White "Murzin, Volodar"]
[Black "Papasimakopoulos, Alexandros"]
[Result "1-0"]
[WhiteTitle "GM"]
[BlackTitle "IM"]
[WhiteElo "2658"]
[BlackElo "2366"]
[WhiteFideId "44155573"]
[BlackFideId "4244125"]
[EventDate "2025.06.03"]

1. e4 e6 2. d4 d5 3. Nc3 Bb4 4. e5 c5 5. a3 Bxc3+ 6. bxc3 Nc6 7. Qg4 g6 8. Ne2
Qa5 9. Bd2 Qa4 10. Qf4 c4 11. Kd1 h6 12. h4 Bd7 13. Ng3 Rh7 14. Be2 O-O-O 15.
Ra2 f6 16. exf6 Rf8 17. Bf3 Rxf6 18. Qd6 Rhf7 19. Re1 Qa5 20. a4 Qc7 21. Qxc7+
Kxc7 22. Ke2 b6 23. Kf1 a5 24. Be3 Nce7 25. Rb1 Nc8 26. Ne2 Bc6 27. Bg4 Nge7 28.
f3 h5 29. Bh3 Rxf3+ 30. gxf3 Rxf3+ 31. Bf2 Nf5 32. Kg2 Rxh3 33. Kxh3 Ncd6 34.
Bg3 Kb7 35. Bxd6 Nxd6 36. Kg3 1-0

[Event "Titled Tue 3rd Jan Late"]
[Site "chess.com INT"]
[Date "2025.06.03"]
[Round "4"]
[White "Pulido Alvarez, Ariel"]
[Black "Minko, Dmitry"]
[Result "0-1"]
[WhiteTitle "FM"]
[BlackTitle "FM"]
[WhiteElo "2252"]
[BlackElo "2247"]
[WhiteFideId "3503011"]
[BlackFideId "24188468"]
[EventDate "2025.06.03"]

1. e4 e5 2. Nf3 Nc6 3. d4 exd4 4. Nxd4 Bc5 5. Be3 Qf6 6. c3 Nge7 7. g3 d6 8. Bg2
h5 9. h4 Bg4 10. Qa4 O-O 11. Nxc6 Nxc6 12. Bxc5 dxc5 13. O-O Rad8 14. Na3 Ne5
15. f4 Nd3 16. Nc4 a6 17. e5 Qg6 18. Bxb7 Be2 19. Kh2 Bxf1 20. Rxf1 Rb8 21. f5
Qh6 22. Qc2 Rfd8 23. Bxa6 Qxa6 24. b3 Qc6 25. Qe2 Qd5 26. Qxh5 Nxe5 27. f6 Nxc4
28. Qg4 g6 29. bxc4 Qd2+ 30. Kh3 Qd7 0-1

[Event "Titled Tue 3rd Jan Late"]
[Site "chess.com INT"]
[Date "2025.06.03"]
[Round "4"]
[White "Frempong-Smart Daniel"]
[Black "Maglioni, Leonardo"]
[Result "0-1"]
[WhiteTitle "CM"]
[WhiteElo "1841"]
[BlackElo "2069"]
[WhiteFideId "12601659"]
[BlackFideId "2896830"]
[EventDate "2025.06.03"]

1. d4 Nf6 2. c4 g6 3. Nc3 Bg7 4. e4 d6 5. Be2 O-O 6. Nf3 e5 7. d5 a5 8. Bg5 h6
9. Bh4 Qe8 10. h3 Nh7 11. Nd2 f5 12. f3 Na6 13. a3 Bd7 14. b3 Bf6 15. Bf2 h5 16.
Qc2 Bg5 17. h4 Bh6 18. O-O-O Nf6 19. Kb2 Nc5 20. Bxc5 dxc5 21. a4 Qe7 22. Bd3
Ne8 23. exf5 gxf5 24. Rdg1 Kh8 25. Qd1 Nd6 26. Be2 Bg7 27. g4 hxg4 28. fxg4 e4
29. gxf5 Nxf5 30. Bg4 Qe5 31. Nb1 Ne3 32. Qe2 Nxg4 33. Rxg4 Bxg4 34. Qxg4 Rf4
35. Qg2 Rf3 36. Rh3 Raf8 37. Rxf3 Rxf3 38. Qg6 Rxc3 0-1

[Event "Titled Tue 3rd Jan Late"]
[Site "chess.com INT"]
[Date "2025.06.03"]
[Round "4"]
[White "Jagirapu, Harshin Reddy"]
[Black "Saidov, Bilukhadzh"]
[Result "0-1"]
[BlackTitle "FM"]
[WhiteElo "2042"]
[BlackElo "2309"]
[WhiteFideId "39910679"]
[BlackFideId "34165476"]
[EventDate "2025.06.03"]

1. d4 d5 2. c4 e6 3. Nf3 Nf6 4. g3 c5 5. Bg2 Nc6 6. O-O cxd4 7. Nxd4 Be7 8. Nc3
O-O 9. cxd5 exd5 10. Be3 Bg4 11. Rc1 Qd7 12. Qd2 Bh3 13. Rfd1 Bxg2 14. Kxg2 Rfd8
15. a3 Rac8 16. Nf3 h6 17. Nd4 Ne5 18. Bf4 Nc4 19. Qc2 Bf8 20. Qb3 a6 21. Nf3 b5
22. Ne5 Qe6 23. Nf3 Bc5 24. Nd4 Qb6 25. e3 g5 26. Nf5 Bf8 27. Bxg5 hxg5 28. Ne2
Ne4 29. Ned4 Qf6 30. Rc2 Re8 31. Qd3 Bc5 32. b3 Nxa3 33. Rcc1 Bxd4 34. Nxd4
Qxf2+ 35. Kh3 Rxc1 36. Rxc1 Qb2 37. Rf1 Nf2+ 38. Rxf2 Qxf2 39. Nf5 Re5 40. Nh6+
Kg7 41. Ng4 Qf5 42. Qd4 Qf1# 0-1

[Event "Titled Tue 3rd Jan Late"]
[Site "chess.com INT"]
[Date "2025.06.03"]
[Round "4"]
[White "May Sanchez, Andres Elias"]
[Black "Sailer, Mike"]
[Result "0-1"]
[WhiteTitle "CM"]
[WhiteElo "2209"]
[BlackElo "2108"]
[WhiteFideId "5150973"]
[BlackFideId "2012901"]
[EventDate "2025.06.03"]

1. d4 d5 2. c4 Bf5 3. Nc3 e6 4. cxd5 exd5 5. Qb3 Nc6 6. Nf3 Nb4 7. e4 dxe4 8.
Ne5 Be6 9. Qd1 Qxd4 10. Qa4+ c6 11. Bf4 Bc5 12. Bg3 O-O-O 13. Rd1 Nd3+ 14. Bxd3
exd3 15. Rxd3 Qxa4 16. Rxd8+ Kxd8 17. Nxa4 Bb4+ 18. Ke2 f6 19. Rd1+ Ke8 20. Nf3
Bc4+ 21. Ke3 Ne7 22. b3 Nf5+ 23. Kf4 Be6 24. Nb2 Bd6+ 25. Ke4 Nxg3+ 26. hxg3
Bd5+ 27. Kd3 Kd7 28. Nc4 Bc5 29. Nd4 Bxg2 0-1

[Event "Titled Tue 3rd Jan Late"]
[Site "chess.com INT"]
[Date "2025.06.03"]
[Round "4"]
[White "Asish Panda"]
[Black "Martinez Alcantara, Jose Eduardo"]
[Result "0-1"]
[BlackTitle "GM"]
[WhiteElo "1911"]
[BlackElo "2611"]
[WhiteFideId "45012458"]
[BlackFideId "3805662"]
[EventDate "2025.06.03"]

1. e4 c5 2. Nf3 d6 3. d4 cxd4 4. Qxd4 e6 5. c4 Nf6 6. Nc3 a6 7. Bg5 Nbd7 8. Be2
Be7 9. O-O Qc7 10. Rac1 b6 11. Rfd1 Bb7 12. Bh4 Ne5 13. Bxf6 gxf6 14. Nxe5 dxe5
15. Qe3 h5 16. Na4 Bc5 17. Nxc5 Qxc5 18. Qf3 Ke7 19. a3 a5 20. Qc3 a4 21. Bf3
Bc6 22. Rd2 Rad8 23. Rcd1 Rxd2 24. Qxd2 h4 25. h3 Rg8 26. Kh1 Rb8 27. Kg1 Be8
28. Qd3 Rc8 29. Rd2 b5 30. cxb5 Bxb5 31. Qe3 Qxe3 32. fxe3 Rb8 33. Kh2 Bc6 34.
g3 f5 35. gxh4 fxe4 36. Be2 f5 37. Kg3 Rg8+ 38. Kf2 f4 39. Bg4 Bb5 40. Rc2 Rb8
41. h5 Bd3 42. Rd2 Kf6 43. Be2 Bxe2 44. Kxe2 Rh8 45. Kf2 Rxh5 46. Kg2 Rg5+ 47.
Kh2 Rg3 48. exf4 exf4 49. Rd4 Kf5 50. Rxa4 Rd3 51. Ra5+ e5 52. Ra8 Rd2+ 53. Kh1
e3 0-1